LEADER 01863oam 2200505 450 001 9910713470003321 005 20200422104026.0 035 $a(CKB)5470000002500952 035 $a(OCoLC)971499192 035 $a(OCoLC)995470000002500952 035 $a(EXLCZ)995470000002500952 100 $a20170206d1978 ua 0 101 0 $aeng 135 $aurbn||||||||| 181 $ctxt$2rdacontent 182 $cc$2rdamedia 183 $acr$2rdacarrier 200 10$aLimnology of Taylor Creek impoundment with reference to other bodies in Upper St. Johns River Basin, Florida /$fby Donald A. Goolsby and Benjamin F. McPherson 210 1$aTallahassee, Florida :$cU.S. Geological Survey,$d1978. 215 $a1 online resource (vii, 95 pages) $cillustrations, maps 225 1 $aWater-resources investigations ;$v78-91 300 $a"Prepared in cooperation with the South Florida Water Management District and U.S. Army, Corps of Engineers." 320 $aIncludes bibliographical references (pages 94-95). 606 $aLimnology$zFlorida$zTaylor Creek 606 $aLimnology$zFlorida$zSaint Johns River Watershed 606 $aLimnology$2fast 607 $aFlorida$zSaint Johns River Watershed$2fast 615 0$aLimnology 615 0$aLimnology 615 7$aLimnology. 700 $aGoolsby$b D. A.$01384262 702 $aMcPherson$b Benjamin F. 712 02$aGeological Survey (U.S.), 712 02$aSouth Florida Water Management District (Fla.) 712 02$aUnited States.$bArmy.$bCorps of Engineers. 801 0$bCOP 801 1$bCOP 801 2$bOCLCO 801 2$bOCLCF 801 2$bOCLCA 801 2$bGPO 906 $aBOOK 912 $a9910713470003321 996 $aLimnology of Taylor Creek impoundment with reference to other bodies in Upper St. Johns River Basin, Florida$93460073 997 $aUNINA LEADER 01160nam0 22003133i 450 001 FER0078187 005 20231121125501.0 100 $a20220309d1978 ||||0itac50 ba 101 | $aita 102 $ait 181 1$6z01$ai $bxxxe 182 1$6z01$an 200 1 $aAtteggiamenti e interessi della gioventù$eeducazione e valutazione oggi$fK.M. Evans 210 $aRoma$cArmando$dc1978 215 $a157 p.$d22 cm. 225 | $aSerie di psicologia$v34 410 0$1001CFI0019465$12001 $aSerie di psicologia$v34 500 10$aAttitudes and interests in education.$3UM10148392$9IEIV033224$93606764 606 $aGiovani$xPsicologia$xInchieste$2FIR$3RMLC418447$9I 676 $a155.422$9$v21 700 1$aEvans$b, K. M.$3IEIV033224$4070$01440918 801 3$aIT$bIT-01$c20220309 850 $aIT-FR0017 899 $aBiblioteca umanistica Giorgio Aprea$bFR0017 $eN 912 $aFER0078187 950 0$aBiblioteca umanistica Giorgio Aprea$d 52MAG 14/612$e 52FSS0000013555 VMB RS $fA $h20220309$i20220309 977 $a 52 996 $aAttitudes and interests in education$93606764 997 $aUNICAS